000 00556nam a22002057a 4500
005 20170124110034.0
010 _aA-118324
020 _c00.00
035 _aA-118324
037 _bCen Lib/Ret
040 _aDPL
_bEN
082 _a882.08
_bSHA
100 _aShaw, Bernard
_959273
245 _aDoctor's dilemma :
_cby Bernard Shaw
_ba tragedy /
260 _bConstable and Company Ltd.
_c1923
_aLondon
300 _axciv,105p.
_c18cm(Hb)
650 _aDrama.
_959274
650 _aTragedy.
_922265
942 _2ddc
_cEN
_h882.08
_mSHA
999 _c128050
_d128050